000
00207 a2200097 4500
001
51681
100
_a
Sheldon, S
245
_a
Master of the Games
260
_a
London
_b
Pan Books
_c
090
_c
32664
_d
32664
942
_a
NUST-CAE
_c
M
_c
25185
999
_c
286754
_d
286754